000 00699nam a2200217Ii 4500
003 JO-AjNU
008 230605s9999||||xx |||||||||||||| ||und||
017 _a1989/9/623
040 _aJO-AjNU
_bara
_erda
_cJO-AjNU
041 _aara
050 1 4 _aPJ7860.A96.A15 1991
100 3 _aتأليف الرازم،عائشة الخواجا,
_eauthor
_910356
245 0 0 _aإلى فلسطين: مجموعة قصصية
250 _aط1
264 3 1 _aعمان:دار الخواجا للنشر والتوزيع،1991
300 _a173ص
336 _atext
_btxt
_2rdacontent
337 _aunmediated
_bn
_2rdamedia
338 _avolume
_bnc
_2rdacarrier
650 4 _aالأدب العربي - قصص
_910357
999 _aA1765
_c5333
_d5333